Infanzia e abuso sessuale (Record no. 212345)

MARC details
000 -LEADER
fixed length control field 01857nam a2200217Ia 4500
001 - CONTROL NUMBER
control field b4869-31883
003 - CONTROL NUMBER IDENTIFIER
control field IT-MiCISF
008 - FIXED-LENGTH DATA ELEMENTS--GENERAL INFORMATION
fixed length control field 161014s9999||||xx |||||||||||||| ||und||
040 ## - CATALOGING SOURCE
Original cataloging agency IT-MiCISF
Transcribing agency IT-MiCISF
041 ## - LANGUAGE CODE
Language code of text/sound track or separate title it
999 ## - SYSTEM CONTROL NUMBERS (KOHA)
Koha Dewey Subclass [OBSOLETE] si
100 ## - MAIN ENTRY--PERSONAL NAME
Personal name Bandini Tullio (a cura di)
245 #0 - TITLE STATEMENT
Title Infanzia e abuso sessuale
250 ## - EDITION STATEMENT
Edition statement 1a ed.
260 ## - PUBLICATION, DISTRIBUTION, ETC. (IMPRINT)
Place of publication, distribution, etc. Milano
Name of publisher, distributor, etc. Giuffrè
Date of publication, distribution, etc. 2000
300 ## - PHYSICAL DESCRIPTION
Extent pp. XVII-424
500 ## - GENERAL NOTE
General note Bandini T., Gualco B., Scardaccione G., Colucci A., Calvanese E., Lorenzi L., Birkhoff J., Martucci P., Lagazzi M., La Via V., Verde A., Patrizi P., Coda S., Fornari U., Marchetti M., Lomi A., Catanesi R., Amerio L., Marasco M., Spalletta M., Paolucci M.A., De Fazio L., Petralunga S., Maccora V., Travaini G.V., Mungo S., Lavagna L., Prelati M., Gatti U. / abuso-sessuale, infanzia, massmedia, scuola, pornografia, nuovi-media, prostituzione, psicologia, legislazione, prevenzione / In questo volume sono raccolti numerosi contributi di studiosi italiani, volti ad analizzare e a chiarire il problema dell'abuso sessuale sui bambini nel nostro Paese, con riferimento alla classificazione, all'andamento e alla distribuzione del fenomeno, alla percezione sociale dello stesso, ad alcuni tipi di sfruttamento sessuale dei minori a fini di lucro, all'esame clinico degli autori e delle vittime di abuso, alle metodologie di accertamento dei fatti, alle risposte sociali, al trattamento e alla prevenzione del fenomeno stesso. L'intento di quest'opera è quello di facilitare, nella nostra società, la conoscenza dei diversi comportamenti e dei diversi problemi legati all'abuso sessuale dei bambini e di stimolare ulteriori ricerche e studi sul tema nell'ambito del pensiero giuridico e scientifico.
650 ## - SUBJECT ADDED ENTRY--TOPICAL TERM
Topical term or geographic name as entry element Infanzia / maltrattamenti-violenza
Relator term 008
700 ## - ADDED ENTRY--PERSONAL NAME
Personal name Gualco Barbara (a cura di)
942 ## - ADDED ENTRY ELEMENTS (KOHA)
Koha item type LIBRO
957 ## -
-- 1
999 ## - SYSTEM CONTROL NUMBERS (KOHA)
-- 1
Holdings
Withdrawn status Lost status Damaged status Not for loan Home library Current library Date acquired Total Checkouts Full call number Date last seen Price effective from Koha item type Public note
    Buone Condizioni Not For Loan CISF - Milano CISF - Milano 14/10/2016   b4869-31883 14/10/2016 14/10/2016 LIBRO Data import 15.10.2016 / by Epidotti, Vaglietti
CREDITS: SOCIETA' SAN PAOLO Via A.Severo, 58 - ROMA (RM) & PERIODICI SAN PAOLO SRL Via Giotto, 36 MILANO & CISF Via Giotto, 36 MILANO & EDIZIONI SAN PAOLO SRL,  Piazza Soncino, 5 CINISELLO BALSAMO (MI) -- ITALY